Estadísticas para 50 ciudades mas pobladas de Andalucia

Haz click aquí para tomar la prueba!

Estadísticas generales

  • Esta prueba ha sido tomada 1.974 veces
  • La puntuación promedio es 24 de 50

Estadísticas de respuestas

HintRespuesta% Correcto
700.000Sevilla
99%
568.000Malaga
98%
329.000Córdoba
97%
238.000Granada
96%
193.000Almería
95%
123.000Cádiz
95%
148.000Huelva
95%
116.000Jaén
94%
212.000Jerez de la Frontera
88%
142.000Marbella
83%
130.000Dos Hermanas
76%
114.000Algeciras
68%
69.000Torremolinos
58%
77.000Fuengirola
57%
96.000San Fernando
56%
36.000Úbeda
53%
61.000Linares
52%
61.000Motril
52%
89.000Pto.Sta.María
52%
63.000La Línea de la Concepción
51%
83.000El Ejido
50%
88.000Roquetas de Mar
49%
82.000Chiclana de la Frontera
48%
37.000Ronda
47%
42.000Antequera
46%
69.000Benalmádena
46%
68.000Estepona
44%
77.000Vélez-Málaga
44%
41.000Écija
43%
67.000Sanlúcar de Barrameda
43%
74.000Alcalá de Guadaira
39%
52.000Utrera
39%
86.000Mijas
38%
27.000Lepe
33%
43.000Lucena
31%
29.000Rota
30%
29.000Carmona
26%
39.000Andújar
25%
30.000Puente Genil
25%
42.000Puerto Real
25%
31.000Arcos de la Frontera
22%
28.000Morón de la Frontera
18%
28.000Níjar
18%
30.000San Roque
17%
38.000Los Palacios y Villafranca
15%
43.000Mairena del Aljarafe
15%
42.000Rincon de la Victoria
15%
30.000Coria del Río
13%
38.000Alhaurín de la Torre
11%
38.000La Rinconada
10%

Distribución de puntuación

Porcentaje por número respondido

Porcentaje de gente con cada puntuación

Historial de tus puntuaciones

No has tomado esta prueba